[Event "ChessOrg-Schachfestival 2022-Senioren"]
[Site "Bad Woerishofen"]
[Date "2022.03.12"]
[Round "2.3"]
[White "McAndrew, Robert"]
[Black "Koehler, Gerhard"]
[Result "0-1"]
[WhiteElo "1927"]
[BlackElo "2208"]
[PlyCount "86"]
[EventDate "2022.??.??"]
[WhiteTeam "Gambit Bonnevoie"]
[BlackTeam "USV Halle"]

1. Nf3 c5 2. g3 Nc6 3. Bg2 g6 4. d3 Bg7 5. Nbd2 Nf6 6. O-O O-O 7. e4 d5 8. a3
Re8 9. Rb1 a5 10. Re1 e5 11. exd5 Nxd5 12. Nc4 f6 13. Qe2 Be6 14. Qf1 Qe7 15.
Bd2 Rad8 16. h3 Bf8 17. Nh2 b6 18. Ng4 Bg7 19. Nge3 Nd4 20. Nxd5 Bxd5 21. Bxd5+
Rxd5 22. Qg2 Rdd8 23. Ne3 Qd7 24. Bc3 f5 25. Bxd4 cxd4 26. Nc4 Qc7 27. a4 e4
28. b4 Bf8 29. bxa5 bxa5 30. Rb5 Bb4 31. Re2 Rb8 32. Rd5 Qc6 33. Re5 Rxe5 34.
Nxe5 Qe6 35. f4 e3 36. g4 fxg4 37. hxg4 Re8 38. Qb7 Re7 39. Qc6 g5 40. Qa8+ Kg7
41. Rh2 gxf4 42. Qe4 Kg8 43. Rh5 Qxg4+ 0-1

[Event "ChessOrg-Schachfestival 2022-Senioren"]
[Site "Bad Woerishofen"]
[Date "2022.03.12"]
[Round "2.4"]
[White "Babar, Michael"]
[Black "Zoll, Detlef"]
[Result "1-0"]
[WhiteElo "2151"]
[BlackElo "1914"]
[PlyCount "93"]
[EventDate "2022.??.??"]
[WhiteTeam "SC Hansa Dortmund e.V."]
[BlackTeam "ESV 1949 Eberswalde e.V."]

1. Nf3 Nf6 2. g3 g6 3. Bg2 Bg7 4. O-O O-O 5. d4 d6 6. c4 Nbd7 7. Nc3 c6 8. Qc2
Qc7 9. b3 Re8 10. Rd1 e5 11. e4 exd4 12. Nxd4 Nc5 13. f3 Ne6 14. Be3 Qa5 15.
Rac1 Nd7 16. Nxe6 Rxe6 17. Ne2 Ne5 18. Nd4 Re8 19. h3 a6 20. Qf2 c5 21. Ne2 Qc7
22. Nf4 Be6 23. Nd5 Bxd5 24. cxd5 b6 25. Kh2 Nd7 26. h4 f6 27. Bh3 Nf8 28. Rc2
Qe7 29. Bf4 g5 30. hxg5 fxg5 31. Bc1 Ra7 32. Bf5 h6 33. Qg2 Qf7 34. Qh3 Rae7
35. Rg2 Re5 36. f4 Rxe4 37. Bxe4 Rxe4 38. Qg4 Qg6 39. Rf1 Qe8 40. Qf3 Nh7 41.
Kh1 Bd4 42. Rh2 Nf6 43. fxg5 Ng4 44. gxh6 Nxh2 45. Kxh2 Re2+ 46. Kh3 Re5 47.
Qg4+ 1-0

[Event "ChessOrg-Schachfestival 2022-Senioren"]
[Site "Bad Woerishofen"]
[Date "2022.03.12"]
[Round "2.5"]
[White "Schmieder, Siegfried"]
[Black "Neubauer, Bernd"]
[Result "1/2-1/2"]
[WhiteElo "1904"]
[BlackElo "2141"]
[PlyCount "34"]
[EventDate "2022.??.??"]
[BlackTeam "ESV 1949 Eberswalde e.V."]

1. e4 c5 2. Nc3 Nc6 3. Bb5 d6 4. Bxc6+ bxc6 5. d3 g6 6. f4 Bg7 7. Nf3 e6 8. O-O
Ne7 9. Qe1 c4 10. d4 O-O 11. Be3 f5 12. e5 Nd5 13. Nxd5 exd5 14. c3 Re8 15. Qg3
Rb8 16. Rab1 Re7 17. h4 Reb7 1/2-1/2

[Event "ChessOrg-Schachfestival 2022-Senioren"]
[Site "Bad Woerishofen"]
[Date "2022.03.12"]
[Round "2.6"]
[White "Mueller, Erich"]
[Black "Trefzer, Erhard"]
[Result "1-0"]
[WhiteElo "2138"]
[BlackElo "1896"]
[PlyCount "133"]
[EventDate "2022.??.??"]
[WhiteTeam "SK 1962 Ladenburg"]
[BlackTeam "SV Besigheim"]

1. f4 g6 2. Nf3 Bg7 3. g3 c5 4. Bg2 Nc6 5. O-O e6 6. d3 Nge7 7. e4 d6 8. Na3
O-O 9. c3 Rb8 10. Nc2 b5 11. d4 cxd4 12. cxd4 d5 13. e5 Qb6 14. Be3 a5 15. Qd2
b4 16. Rfc1 Bd7 17. Nce1 Rfc8 18. Bf2 Nd8 19. Nd3 Nb7 20. Bf1 Bf8 21. g4 Rxc1
22. Rxc1 Rc8 23. b3 Rxc1 24. Qxc1 Qc6 25. Qxc6 Nxc6 26. Nb2 Na7 27. Ba6 Nd8 28.
Bh4 Ndc6 29. Na4 Nb8 30. Bb7 Bc6 31. Bxc6 Nbxc6 32. Kf2 Nb5 33. Ke3 h6 34. Kd3
Be7 35. Bxe7 Nxe7 36. Nc5 Nc6 37. Nd7 Nc3 38. Nf6+ Kg7 39. a4 Nd1 40. h4 Nc3
41. h5 gxh5 42. Nxh5+ Kf8 43. Nf6 Ne7 44. Nh4 Kg7 45. f5 exf5 46. Nxf5+ Nxf5
47. gxf5 Kf8 48. Nh5 Ke7 49. Nf4 Kd7 50. Ke3 Kc6 51. f6 Kd7 52. Nd3 h5 53. Nc5+
Ke8 54. Nb7 h4 55. Nxa5 h3 56. Kf2 Ne2 57. Nc6 Nf4 58. Kg3 Kd7 59. Nxb4 Ne2+
60. Kxh3 Nxd4 61. Nxd5 Nxb3 62. Nf4 Nc5 63. a5 Kc6 64. Kg4 Kb5 65. Kh5 Kxa5 66.
Kh6 Nd7 67. Nd3 1-0

[Event "ChessOrg-Schachfestival 2022-Senioren"]
[Site "Bad Woerishofen"]
[Date "2022.03.12"]
[Round "2.7"]
[White "Bachmann, Rolf"]
[Black "Daeubler, Heinrich"]
[Result "0-1"]
[WhiteElo "1896"]
[BlackElo "2136"]
[PlyCount "106"]
[EventDate "2022.??.??"]
[WhiteTeam "Hsg Hamm"]
[BlackTeam "SC Haselmuehl"]

1. d4 g6 2. Nf3 Bg7 3. e4 d6 4. Bd3 Nd7 5. O-O a6 6. c3 b6 7. Bf4 e6 8. Re1 Bb7
9. Nbd2 Ne7 10. e5 d5 11. b4 h6 12. a4 c5 13. bxc5 bxc5 14. a5 c4 15. Bc2 O-O
16. Nf1 Bc6 17. Qc1 Kh7 18. Qa3 Bb5 19. Bc1 Nc6 20. Qa2 Re8 21. h4 Bf8 22. Ba3
Qxa5 23. Bxf8 Qxa2 24. Rxa2 Rxf8 25. Rb1 Rfb8 26. Rab2 Ne7 27. g4 Kg7 28. Ne3
Bc6 29. Kf1 Rxb2 30. Rxb2 Rb8 31. Ra2 Rb6 32. Ke2 Bb5 33. Kd1 Rb8 34. Kc1 Rf8
35. g5 h5 36. Ba4 Bxa4 37. Rxa4 Ra8 38. Nc2 a5 39. Ra2 Nc6 40. Rb2 Rb8 41. Nd2
Rxb2 42. Kxb2 Kf8 43. Na3 Ncxe5 44. dxe5 Nxe5 45. f3 Nd3+ 46. Kc2 Ne1+ 47. Kd1
Ng2 48. Ke2 Nxh4 49. f4 Ke7 50. Kf2 f6 51. Nf3 Nxf3 52. Kxf3 fxg5 53. fxg5 e5
0-1

[Event "ChessOrg-Schachfestival 2022-Senioren"]
[Site "Bad Woerishofen"]
[Date "2022.03.12"]
[Round "2.8"]
[White "Schatz, Christian"]
[Black "Zwetz, Anita"]
[Result "1-0"]
[WhiteElo "2122"]
[BlackElo "1859"]
[PlyCount "83"]
[EventDate "2022.??.??"]
[WhiteTeam "SC Postbauer-Heng e.V"]
[BlackTeam "TSV Kareth-Lappersdorf"]

1. c4 e6 2. Nf3 d5 3. g3 Nf6 4. Bg2 Be7 5. O-O O-O 6. d4 Nbd7 7. Nbd2 c6 8. b3
h5 9. Qc2 Ng4 10. e4 dxe4 11. Nxe4 f5 12. Neg5 Rf6 13. Re1 Nf8 14. Nh3 Nh7 15.
Bb2 Rh6 16. Rad1 Qf8 17. Bc1 Rf6 18. d5 Bc5 19. dxc6 bxc6 20. Bb2 Rh6 21. Ne5
Nxe5 22. Bxe5 Qe8 23. Bd6 Bb6 24. Bf4 Rf6 25. Rd6 Bb7 26. c5 Bc7 27. Rd3 Bxf4
28. Nxf4 g5 29. Nh3 Rd8 30. Rd6 Rxd6 31. cxd6 Qd7 32. Rd1 Kg7 33. Qc5 Ba8 34.
Qe5 Kg6 35. f4 g4 36. Nf2 Rf8 37. Nd3 Re8 38. Qc3 Kh6 39. Ne5 Qg7 40. d7 Rd8
41. Qa5 Qe7 42. Qxd8 1-0

[Event "ChessOrg-Schachfestival 2022-Senioren"]
[Site "Bad Woerishofen"]
[Date "2022.03.12"]
[Round "2.9"]
[White "Christen, Pierre"]
[Black "Okrajek, Alexander"]
[Result "0-1"]
[WhiteElo "1827"]
[BlackElo "2120"]
[PlyCount "80"]
[EventDate "2022.??.??"]
[WhiteTeam "SG Trier"]
[BlackTeam "SC-Siegburg"]

1. c4 c5 2. g3 Nc6 3. Bg2 g6 4. Nc3 Bg7 5. Nf3 e6 6. d3 Nge7 7. O-O O-O 8. Bg5
h6 9. Bd2 a6 10. a3 Rb8 11. Rb1 b5 12. cxb5 axb5 13. b4 c4 14. Qc1 Kh7 15. dxc4
bxc4 16. b5 Na5 17. Bf4 Bb7 18. Rd1 Rc8 19. Bd6 Nb3 20. Qc2 Bxf3 21. Bxf3 Nf5
22. e3 Nxd6 23. Rxd6 Qf6 24. Bb7 Qxc3 25. Qxc3 Bxc3 26. Bxc8 Rxc8 27. Rxd7 Ba5
28. Rxf7+ Kg8 29. Ra7 c3 30. Rxa5 c2 31. Rxb3 c1=Q+ 32. Kg2 Rf8 33. Rb4 Qd2 34.
Kh3 g5 35. b6 Rxf2 36. Rxg5+ hxg5 37. b7 Rxh2+ 38. Kg4 Qe2+ 39. Kxg5 Qh5+ 40.
Kf6 Qf5+ 0-1

[Event "ChessOrg-Schachfestival 2022-Senioren"]
[Site "Bad Woerishofen"]
[Date "2022.03.12"]
[Round "2.10"]
[White "Rubke, Manfred"]
[Black "Koenigl, Anton"]
[Result "1-0"]
[WhiteElo "2095"]
[BlackElo "1844"]
[PlyCount "133"]
[EventDate "2022.??.??"]
[WhiteTeam "TSV Haunstetten"]
[BlackTeam "FC Ergolding 1932 e.V."]

1. c4 c5 2. Nc3 Nc6 3. g3 Nf6 4. Bg2 g6 5. e3 Bg7 6. Nge2 O-O 7. d4 cxd4 8.
exd4 d6 9. O-O Rb8 10. h3 Re8 11. Be3 a6 12. Rc1 Bd7 13. Qd2 Qa5 14. d5 Ne5 15.
b3 Bxh3 16. f3 Bxg2 17. Kxg2 Ned7 18. Rh1 b5 19. Nd4 Rbc8 20. Nc6 Qc7 21. cxb5
axb5 22. Nxb5 Qb7 23. Nba7 Ra8 24. Rh4 Nc5 25. Bxc5 dxc5 26. Rxc5 Rxa7 27. Nxa7
Qxa7 28. Rhc4 Qd7 29. Kh2 Rd8 30. Qc1 Bf8 31. Rc8 Qxd5 32. Rxd8 Qxd8 33. Rc8
Qd5 34. Kg2 Kg7 35. Qc3 e6 36. a4 e5 37. Rc4 Bd6 38. a5 h5 39. Kf2 e4 40. Rxe4
Bc5+ 41. Kg2 Ba7 42. Re7 Bd4 43. Qc4 Bc5 44. Qxd5 Nxd5 45. Re5 Ne3+ 46. Kh3 Bd4
47. Rb5 Kf6 48. Rb7 Nf5 49. a6 Nd6 50. a7 Bxa7 51. Rxa7 Ke6 52. Kg2 Kd5 53. Kf2
Kc5 54. Ra4 Kb5 55. Ke3 Nf5+ 56. Kf4 h4 57. g4 Ne7 58. Ke5 Nc6+ 59. Kf6 h3 60.
g5 h2 61. Rh4 Nd4 62. Rxh2 Nxf3 63. Rh3 Nd2 64. Kxf7 Kb4 65. Kxg6 Nxb3 66.
Rxb3+ Kxb3 67. Kf5 1-0

[Event "ChessOrg-Schachfestival 2022-Senioren"]
[Site "Bad Woerishofen"]
[Date "2022.03.12"]
[Round "2.11"]
[White "Lechner, Otto"]
[Black "Keller, Harald"]
[Result "0-1"]
[WhiteElo "1845"]
[BlackElo "2041"]
[PlyCount "46"]
[EventDate "2022.??.??"]
[WhiteTeam "TSV Wertingen 1862 SAbt"]
[BlackTeam "SV Rottweil"]

1. e4 Nf6 2. d3 e5 3. Nf3 Nc6 4. g3 Bc5 5. Bg2 d6 6. c3 a5 7. O-O Bg4 8. h3 Bh5
9. g4 Bg6 10. Bg5 h5 11. Nh4 hxg4 12. Nxg6 fxg6 13. hxg4 Qd7 14. Bf3 O-O-O 15.
Kg2 Rh7 16. Kg3 Rdh8 17. Rh1 Rxh1 18. Bxh1 Rxh1 19. Qxh1 Qxg4+ 20. Kh2 Qxg5 21.
Qf3 Ng4+ 22. Kg2 Ne3+ 23. Kh2 Nc2 0-1

[Event "ChessOrg-Schachfestival 2022-Senioren"]
[Site "Bad Woerishofen"]
[Date "2022.03.12"]
[Round "2.12"]
[White "Hirstel, Serge"]
[Black "Pfitzer, Norbert"]
[Result "0-1"]
[WhiteElo "1828"]
[BlackElo "2026"]
[PlyCount "126"]
[EventDate "2022.??.??"]
[BlackTeam "SV Backnang"]

1. e4 e5 2. Nf3 d6 3. d4 exd4 4. Nxd4 Nf6 5. Nc3 Be7 6. g3 O-O 7. Bg2 Na6 8.
O-O Re8 9. h3 Bf8 10. Kh2 Nc5 11. Re1 g6 12. Nb3 Nxb3 13. axb3 a6 14. Be3 Bg7
15. Qd2 Nd7 16. Bd4 Ne5 17. f4 Nc6 18. Bxg7 Kxg7 19. Nd5 Be6 20. Qc3+ f6 21.
Rad1 Bxd5 22. exd5 Rxe1 23. Rxe1 Nb8 24. Re6 Nd7 25. Qe1 Kf7 26. Re3 a5 27. b4
axb4 28. Qxb4 b6 29. Qc3 Nf8 30. Qc6 Ra7 31. Bf1 Qd7 32. Qc3 Ra8 33. b3 f5 34.
Kg2 Re8 35. Rxe8 Kxe8 36. Kf2 Kf7 37. Bd3 h5 38. h4 Nh7 39. Kf3 Nf6 40. Qd4 Qe7
41. Kg2 Ng4 42. Qh8 Nf6 43. Qa8 Qe3 44. Qc6 Qc5 45. Qb7 Qxd5+ 46. Qxd5+ Nxd5
47. Bc4 Ke6 48. Kf3 c6 49. b4 b5 50. Bb3 c5 51. bxc5 dxc5 52. c4 bxc4 53. Bxc4
Kd6 54. Bb5 Ke7 55. Bc6 Nf6 56. Bb5 Ne4 57. Bd3 Nd6 58. Bc2 Ke6 59. Ke3 Kd5 60.
Bb1 Ne4 61. Bxe4+ fxe4 62. g4 hxg4 63. f5 gxf5 0-1

[Event "ChessOrg-Schachfestival 2022-Senioren"]
[Site "Bad Woerishofen"]
[Date "2022.03.12"]
[Round "2.13"]
[White "Fiedler, Wolfgang"]
[Black "Hansch, Klaus-Michael"]
[Result "1-0"]
[WhiteElo "2017"]
[BlackElo "1829"]
[PlyCount "169"]
[EventDate "2022.??.??"]
[WhiteTeam "SK Zirndorf e.V."]
[BlackTeam "SC Weisse Dame e.V."]

1. f4 d6 2. Nf3 Nf6 3. d4 Bf5 4. e3 Nbd7 5. Bd3 Bxd3 6. Qxd3 e6 7. e4 c5 8. e5
dxe5 9. dxe5 Nd5 10. c3 Be7 11. O-O g6 12. g3 Qb6 13. Kg2 h6 14. Nbd2 Qc6 15.
a3 N5b6 16. Qe4 Qc7 17. c4 Nb8 18. a4 Nc6 19. b3 O-O-O 20. Bb2 h5 21. h4 Rhf8
22. Rad1 Rd7 23. Qe3 Rfd8 24. Qe2 Rd3 25. Rc1 Qd7 26. Rf2 Qc7 27. Rc3 Nb4 28.
Ne4 Rxc3 29. Bxc3 Nc6 30. Qc2 Rd7 31. Rd2 Qd8 32. Nf6 Rxd2+ 33. Qxd2 Qxd2+ 34.
Bxd2 Kc7 35. Ng5 Nd8 36. Ba5 Bxf6 37. exf6 Kd6 38. Bxb6 axb6 39. Ne4+ Kd7 40.
Kf3 Nc6 41. Ng5 Ke8 42. Ke4 Kf8 43. Nf3 Ke8 44. Ke3 Na5 45. Nd2 Kd7 46. Kd3 Nc6
47. Ne4 Na5 48. Kc3 Nc6 49. Ng5 Ke8 50. Nf3 Nb8 51. Ng5 Nc6 52. Ne4 Kd7 53. Ng5
Ke8 54. Nf3 Nb8 55. Ne5 Nd7 56. Nxd7 Kxd7 57. Kd3 Kc6 58. Ke3 Kd6 59. Ke4 Kd7
60. Kf3 Kd6 61. g4 Kc6 62. gxh5 gxh5 63. Ke4 Kd6 64. Ke3 Kc6 65. Kd3 Kd7 66.
Ke4 Kd6 67. Kf3 Kd7 68. Ke4 Kd6 69. f5 exf5+ 70. Kxf5 Kd7 71. Kg5 Ke6 72. Kxh5
Kxf6 73. Kg4 Kg6 74. h5+ Kh6 75. Kf5 Kxh5 76. Kf6 Kg4 77. Kxf7 Kf4 78. Ke6 Ke4
79. Kd6 Kd4 80. Kc7 Kc3 81. Kxb6 Kxb3 82. Kb5 b6 83. Kxb6 Kxc4 84. a5 Kb3 85.
Kxc5 1-0

[Event "ChessOrg-Schachfestival 2022-Senioren"]
[Site "Bad Woerishofen"]
[Date "2022.03.12"]
[Round "2.14"]
[White "Matzat, Andre"]
[Black "Vonach, Bernhard"]
[Result "1/2-1/2"]
[WhiteElo "1991"]
[BlackElo "1824"]
[PlyCount "57"]
[EventDate "2022.??.??"]
[WhiteTeam "Oberhausener SV 1887 e.V."]
[BlackTeam "SF Windach"]

1. d4 c5 2. d5 Nf6 3. Nc3 g6 4. Nf3 Bg7 5. e4 d6 6. Bc4 Nbd7 7. O-O Ng4 8. Re1
Nge5 9. Nxe5 Nxe5 10. Bf1 O-O 11. h3 a6 12. a4 Qc7 13. Be3 f5 14. f4 Nf7 15.
exf5 Bxf5 16. g4 Bd7 17. Bf2 Rae8 18. Qd2 Nh6 19. Rad1 Qc8 20. Be3 Nf7 21. a5
h5 22. gxh5 Bxh3 23. Bxh3 Qxh3 24. hxg6 Qg3+ 25. Kh1 Qh3+ 26. Kg1 Qg3+ 27. Kh1
Qh3+ 28. Kg1 Qg3+ 29. Kh1 1/2-1/2

[Event "ChessOrg-Schachfestival 2022-Senioren"]
[Site "Bad Woerishofen"]
[Date "2022.03.12"]
[Round "2.15"]
[White "Rumsey, Victor"]
[Black "Kierzek, Mira"]
[Result "0-1"]
[WhiteElo "1811"]
[BlackElo "1984"]
[PlyCount "46"]
[EventDate "2022.??.??"]
[WhiteTeam "Battersea"]
[BlackTeam "SC Fulda"]

1. d4 Nf6 2. Nf3 e6 3. g3 d5 4. c4 c6 5. Bg2 Be7 6. O-O O-O 7. Nbd2 b6 8. Qc2
Bb7 9. b3 Nbd7 10. Bb2 Rc8 11. Rad1 Qc7 12. Qb1 Ba6 13. Rfe1 Qb7 14. e4 h6 15.
Ne5 Rfe8 16. Nxc6 Qxc6 17. exd5 exd5 18. cxd5 Qd6 19. Re5 h5 20. Rde1 Bb7 21.
Ne4 Nxe4 22. Qxe4 Nxe5 23. dxe5 Qb4 0-1

[Event "ChessOrg-Schachfestival 2022-Senioren"]
[Site "Bad Woerishofen"]
[Date "2022.03.12"]
[Round "2.16"]
[White "Mueller, Thomas"]
[Black "Aigner, Georg"]
[Result "1/2-1/2"]
[WhiteElo "1980"]
[BlackElo "1809"]
[PlyCount "47"]
[EventDate "2022.??.??"]
[WhiteTeam "SV Schoemberg"]
[BlackTeam "SC Taufkirchen"]

1. d4 Nf6 2. Nf3 e6 3. e3 c5 4. Bd3 Nc6 5. b3 d5 6. Bb2 cxd4 7. exd4 Bb4+ 8. c3
Bd6 9. Nbd2 O-O 10. O-O e5 11. dxe5 Nxe5 12. Nxe5 Bxe5 13. Nf3 Bf4 14. c4 dxc4
15. Bxc4 Bg4 16. h3 Qxd1 17. Raxd1 Bxf3 18. gxf3 Rad8 19. Rfe1 Bd6 20. Rd3 a6
21. Bxf6 gxf6 22. Red1 Be7 23. Rxd8 Rxd8 24. Rxd8+ 1/2-1/2

[Event "ChessOrg-Schachfestival 2022-Senioren"]
[Site "Bad Woerishofen"]
[Date "2022.03.12"]
[Round "2.17"]
[White "Laustsen, Karl-Johan"]
[Black "Waltenberger, Udo"]
[Result "0-1"]
[WhiteElo "1790"]
[BlackElo "1977"]
[PlyCount "94"]
[EventDate "2022.??.??"]
[WhiteTeam "1.FC Marktleuthen"]
[BlackTeam "SV Eiche Reichenbrand"]

1. d4 Nf6 2. Bf4 g6 3. Nc3 d5 4. Qd2 Bg7 5. O-O-O O-O 6. Bh6 c6 7. h4 Bxh6 8.
Qxh6 Ng4 9. Qf4 Qd6 10. Qxd6 exd6 11. Nh3 Bf5 12. e3 Nd7 13. Bd3 Bxd3 14. Rxd3
Rfe8 15. Re1 Re7 16. Rd2 Rae8 17. Rde2 f5 18. Kd2 b5 19. f3 Ngf6 20. Nf4 Nb6
21. b3 b4 22. Nd1 a5 23. Nd3 Nfd7 24. Nf4 Nf6 25. Nd3 Rc8 26. N1f2 c5 27. Nf4
Rce8 28. N4d3 c4 29. Nf4 Kf7 30. c3 h6 31. N4h3 Rc7 32. Rc1 Rec8 33. Nd1 cxb3
34. axb3 a4 35. bxa4 Nxa4 36. Kd3 Nd7 37. Rec2 b3 38. Re2 Ndb6 39. Rb1 Nxc3 40.
Reb2 Nxb1 41. Rxb1 Rc1 42. Rxc1 Rxc1 43. Kd2 Rc2+ 44. Kd3 Nc4 45. Nhf2 Rd2+ 46.
Kc3 b2 47. Nxb2 Rxb2 0-1

[Event "ChessOrg-Schachfestival 2022-Senioren"]
[Site "Bad Woerishofen"]
[Date "2022.03.12"]
[Round "2.18"]
[White "Halli, Gerhard"]
[Black "Meul, Willi"]
[Result "1-0"]
[WhiteElo "1968"]
[BlackElo "1789"]
[PlyCount "53"]
[EventDate "2022.??.??"]
[WhiteTeam "SK 1947 Sandhausen e.V."]
[BlackTeam "SV 1925 Huerth-Berrenrath"]

1. d4 d5 2. Bf4 e6 3. Nf3 Nf6 4. e3 c5 5. c3 cxd4 6. exd4 Nc6 7. Nbd2 Nh5 8.
Bg5 f6 9. Bh4 Bd6 10. Bd3 Nf4 11. Bf1 Qc7 12. Bg3 O-O 13. Bxf4 Bxf4 14. g3 Bd6
15. Bg2 Bd7 16. O-O Ne7 17. Re1 e5 18. Qb3 Bc6 19. Ne4 Kh8 20. Nxd6 Qxd6 21.
dxe5 fxe5 22. Nxe5 Qc5 23. Nf3 Rxf3 24. Bxf3 Rf8 25. Qd1 Nf5 26. Qd3 Nd6 27. b4
1-0

[Event "ChessOrg-Schachfestival 2022-Senioren"]
[Site "Bad Woerishofen"]
[Date "2022.03.12"]
[Round "2.19"]
[White "Desoye, Gernot"]
[Black "Seifert, Werner"]
[Result "1/2-1/2"]
[WhiteElo "1776"]
[BlackElo "1958"]
[PlyCount "134"]
[EventDate "2022.??.??"]
[BlackTeam "SC Groebenzell"]

1. d4 Nf6 2. c4 g6 3. f3 Bg7 4. e4 d6 5. Nc3 O-O 6. Be3 e5 7. d5 c6 8. Qd2 cxd5
9. cxd5 a6 10. Nge2 Nbd7 11. g4 h5 12. h3 Nh7 13. O-O-O h4 14. Kb1 Bf6 15. Nc1
Bg5 16. Nd3 Bxe3 17. Qxe3 Qg5 18. Qf2 Qf6 19. Be2 Ng5 20. Qxh4 Nxe4 21. Qxf6
Nxc3+ 22. bxc3 Nxf6 23. Nf2 Bd7 24. c4 Rac8 25. Rd2 Rc5 26. Rhd1 Rb8 27. Rb2 b5
28. Ne4 Nxe4 29. fxe4 Rcc8 30. cxb5 axb5 31. Rc1 Rc5 32. Rbc2 Rbc8 33. Kb2 g5
34. Rc3 b4 35. Rc4 Ba4 36. a3 bxa3+ 37. Kxa3 Rxc4 38. Bxc4 Bd1 39. Rc3 Rb8 40.
Ka2 Kf8 41. Ra3 Rb7 42. Ra8+ Ke7 43. Rg8 Kf6 44. h4 gxh4 45. g5+ Ke7 46. Rh8
Rb4 47. Bd3 Rd4 48. Bb5 f5 49. exf5 Kf7 50. f6 Kg6 51. Be8+ Kxg5 52. f7 Rf4 53.
f8=Q Rxf8 54. Rxf8 h3 55. Bd7 h2 56. Rg8+ Kf4 57. Rh8 Kg3 58. Rg8+ Kf2 59. Rh8
Kg1 60. Rg8+ Kh1 61. Bh3 Bf3 62. Kb2 Bxd5 63. Rf8 Bg2 64. Bxg2+ Kxg2 65. Rg8+
Kf2 66. Rh8 Kg2 67. Rg8+ Kf2 1/2-1/2

[Event "ChessOrg-Schachfestival 2022-Senioren"]
[Site "Bad Woerishofen"]
[Date "2022.03.12"]
[Round "2.20"]
[White "Goris, Ton"]
[Black "Bjorgvik, Jan Arne"]
[Result "0-1"]
[WhiteElo "1952"]
[BlackElo "1771"]
[PlyCount "110"]
[EventDate "2022.??.??"]
[BlackTeam "Direktmitglied NSF"]

1. e4 c6 2. d4 d5 3. e5 e6 4. Nf3 c5 5. c3 Nc6 6. Bd3 cxd4 7. cxd4 Bb4+ 8. Nc3
Qc7 9. O-O a6 10. Bd2 Nge7 11. Rc1 Bxc3 12. Bxc3 Ng6 13. Bb4 Qb6 14. Ba3 Bd7
15. Bc5 Qd8 16. g3 b6 17. Bd6 b5 18. b4 Rc8 19. Rc2 Nce7 20. a4 O-O 21. a5 Re8
22. Qd2 Rxc2 23. Qxc2 Nc6 24. Rc1 Qa8 25. h4 Rc8 26. Qb1 Nd8 27. Bc5 Nb7 28. h5
Nxc5 29. bxc5 Nf8 30. Ng5 g6 31. h6 Rc6 32. Qb2 Qd8 33. f4 Qxa5 34. Ra1 Qd8 35.
Qd2 f6 36. exf6 Qxf6 37. Nf3 Bc8 38. Ne5 Rc7 39. g4 Nd7 40. g5 Nxe5 41. fxe5
Qf3 42. Bf1 Rf7 43. Bg2 Qf4 44. Qc3 Qf2+ 45. Kh1 Rf4 46. Rd1 Rh4+ 47. Bh3 Qe2
48. Rd3 b4 49. Qb3 Qf1+ 50. Kh2 Qf2+ 51. Kh1 a5 52. c6 a4 53. Qd1 Rf4 54. Bg2
a3 55. Rd2 Rh4+ 0-1

[Event "ChessOrg-Schachfestival 2022-Senioren"]
[Site "Bad Woerishofen"]
[Date "2022.03.12"]
[Round "2.21"]
[White "Walther, Reinhard"]
[Black "Mitschka, Manfred"]
[Result "1-0"]
[WhiteElo "1945"]
[BlackElo "1614"]
[PlyCount "73"]
[EventDate "2022.??.??"]
[WhiteTeam "SK 1911 Herzogenaurach e.V."]
[BlackTeam "SK Neuburg"]

1. d4 Nf6 2. Bg5 d5 3. e3 e6 4. Bd3 h6 5. Bh4 c5 6. c3 Nc6 7. Nd2 Bd7 8. Ngf3
Qb6 9. b3 cxd4 10. exd4 g5 11. Bg3 Be7 12. Ne5 Rc8 13. Rc1 h5 14. h3 Bf8 15.
O-O Bg7 16. Qe2 h4 17. Bh2 Nh5 18. Qg4 Nxe5 19. dxe5 Qd8 20. Nf3 Nf4 21. Bxf4
f5 22. Qxg5 Qxg5 23. Bxg5 Kf7 24. Bf4 Bf8 25. Rc2 Bc5 26. Re1 Bc6 27. Nd4 Bd7
28. Ree2 a6 29. Be3 Rcg8 30. Nf3 Bf8 31. Ng5+ Kg6 32. f4 Be7 33. Kh2 Rc8 34. c4
Bc6 35. Nxe6 Rhg8 36. Nd4 Bc5 37. Bxf5+ 1-0

[Event "ChessOrg-Schachfestival 2022-Senioren"]
[Site "Bad Woerishofen"]
[Date "2022.03.12"]
[Round "2.22"]
[White "Klein, Gerhard"]
[Black "Schwis, Joachim"]
[Result "1/2-1/2"]
[WhiteElo "1771"]
[BlackElo "1931"]
[PlyCount "37"]
[EventDate "2022.??.??"]
[WhiteTeam "Sfr.Konz-Karthaus"]
[BlackTeam "SK Suelz-Klettenberg"]

{[%evp 0,37,18,17,69,49,57,14,38,27,19,17,54,35,22,5,25,21,29,7,32,20,18,-61,
-11,-40,6,-28,25,41,60,54,60,41,33,39,61,57,61,49]} 1. Nf3 d6 2. d4 Nf6 3. b3
g6 4. Bb2 Bg7 5. Nbd2 O-O 6. e4 Nbd7 7. Be2 c5 8. c3 b6 9. O-O Qc7 10. Qb1 Bb7
11. c4 Nh5 12. Re1 Nf4 13. Bf1 e5 14. d5 Bc8 15. g3 Nh5 16. Nh4 Ndf6 17. Bg2
Ng4 18. Nf1 Qe7 19. Qc2 1/2-1/2

[Event "ChessOrg-Schachfestival 2022-Senioren"]
[Site "Bad Woerishofen"]
[Date "2022.03.12"]
[Round "2.23"]
[White "Lange, Manfred"]
[Black "Klimpel, Siegfried"]
[Result "1-0"]
[WhiteElo "2028"]
[BlackElo "1754"]
[PlyCount "111"]
[EventDate "2022.??.??"]
[WhiteTeam "SV Wuerzburg von 1865 e.V."]
[BlackTeam "TSV Kareth-Lappersdorf"]

1. d4 c6 2. e4 d6 3. Nf3 Qc7 4. Bc4 e5 5. h3 Be7 6. Nc3 Nf6 7. O-O O-O 8. a4
Nbd7 9. Bb3 b6 10. Qe2 a5 11. Re1 Ba6 12. Bc4 Bxc4 13. Qxc4 Rac8 14. dxe5 dxe5
15. Nh4 Rfd8 16. Nf5 Bf8 17. Bg5 h6 18. Bh4 g6 19. Ne3 Bg7 20. g4 Nc5 21. g5
hxg5 22. Bxg5 Rd4 23. Bxf6 Bxf6 24. Qe2 Bg7 25. Qg4 Kh7 26. Qh4+ Bh6 27. Ng4
Qd6 28. Qxh6+ Kg8 29. Qg5 Kg7 30. Qxe5+ Qxe5 31. Nxe5 Rd2 32. Rac1 f6 33. Nc4
Rdd8 34. Nxb6 Rb8 35. Nc4 Rh8 36. Kg2 Ne6 37. Kg3 Rh5 38. h4 Rbh8 39. e5 f5 40.
Rh1 g5 41. Rcd1 gxh4+ 42. Kf3 h3 43. Rd7+ Kg8 44. Re7 Nd4+ 45. Ke3 Nxc2+ 46.
Kd2 Kf8 47. Rd7 Ke8 48. Ra7 Nd4 49. Ke3 Nc2+ 50. Kd3 Nb4+ 51. Ke2 R8h6 52. Nd6+
Kf8 53. Rf7+ Kg8 54. Rd1 Kh8 55. Nxf5 h2 56. Rf8+ 1-0

[Event "ChessOrg-Schachfestival 2022-Senioren"]
[Site "Bad Woerishofen"]
[Date "2022.03.12"]
[Round "2.24"]
[White "Kelemen, Norbert"]
[Black "Kainz, Josef"]
[Result "0-1"]
[WhiteElo "1647"]
[BlackElo "1992"]
[PlyCount "32"]
[EventDate "2022.??.??"]
[WhiteTeam "SC Weiße Dame Ulm e.V."]
[BlackTeam "Gratwein"]

1. c4 g6 2. g3 Bg7 3. Bg2 e5 4. Nc3 c6 5. d3 Ne7 6. Bg5 h6 7. Bxe7 Qxe7 8. e4
O-O 9. Nge2 d6 10. Rb1 Bg4 11. O-O Qd7 12. Re1 Bh3 13. Bh1 a5 14. a3 f5 15. f4
exf4 16. Nxf4 Bd4+ 0-1

[Event "ChessOrg-Schachfestival 2022-Senioren"]
[Site "Bad Woerishofen"]
[Date "2022.03.12"]
[Round "2.25"]
[White "Kumeth, Hartmut"]
[Black "Krueger, Norbert"]
[Result "1/2-1/2"]
[WhiteElo "1723"]
[BlackElo "1946"]
[PlyCount "82"]
[EventDate "2022.??.??"]
[WhiteTeam "SK Union Oldenburg"]
[BlackTeam "Ratinger SK 1950"]

1. Nf3 e6 2. d4 d5 3. g3 Nf6 4. Bg2 c5 5. O-O Be7 6. c3 b6 7. a4 Bb7 8. Na3 Nc6
9. Nc2 O-O 10. Bd2 a5 11. Qc1 Rc8 12. Ne5 Ba6 13. Re1 cxd4 14. Nxc6 Rxc6 15.
Nxd4 Rc8 16. Qb1 Qd7 17. e3 Rc7 18. Bf1 Bxf1 19. Kxf1 g6 20. f3 e5 21. Nb5 Qh3+
22. Kg1 Rc5 23. Re2 Rfc8 24. Qf1 Qe6 25. f4 Ne4 26. Be1 Bf6 27. Rg2 h5 28. fxe5
Bxe5 29. Nd4 Bxd4 30. exd4 Rc4 31. Qf3 f5 32. Re2 Qd7 33. b3 R4c6 34. Rc1 Qd6
35. Qe3 Qa3 36. Rb1 Qd6 37. Rc1 R8c7 38. Rec2 Qa3 39. Rb1 Re7 40. Qf3 Kg7 41.
Qd3 Rec7 1/2-1/2